000 00531nam a2200205Ia 4500
005 20250923145635.0
008 008 250917s9999 xx 000 0 eng d
037 _aTextual
040 _aDSWL
_beng
_cDSWL
041 _aeng
_2eng
084 _a2, N82
_qDSWL
100 _aKumar, K.
_9837450
245 0 _aLibrary Manual
_c by K.Kumar
260 _aNew Delhi
_bDelhi Vikas
_c1982
300 _axii,386 p.
365 _aINR
_b27.00
925 _g27.00
942 _cTEXL
_h2, N82
999 _c1453815
_d1453815